| 000 | 00870nam a22002777a 4500 | ||
|---|---|---|---|
| 003 | CHAP | ||
| 005 | 20220329134712.0 | ||
| 008 | 971013s1981 r 00010 d | ||
| 010 | _a24450 | ||
| 011 | _a25422 | ||
| 035 | _a29522 | ||
| 040 | _cCHAP | ||
| 082 |
_a632.951 _bI5 |
||
| 110 |
_aInstitute of Food and Agricultural Sciences. Gainesville, Fla. _959028 |
||
| 245 | _aInsect control guide | ||
| 260 |
_aGainesville : _bInstitute of Food and Agricultural Sciences, _c(1981?) |
||
| 300 | _apág. varía | ||
| 590 |
_aBATCH-UPD _b10 _c20130110 _lUCH01 _h1630 |
||
| 590 |
_aCONVERSION _b10 _c20130109 _lUCH01 _h1314 |
||
| 650 | 1 | 4 |
_aControl de plagas. _927595 |
| 650 | 1 | 4 |
_aInsecticidas. _958855 |
| 901 | _aBK | ||
| 942 | _cLIBRO | ||
| 949 |
_a632.951 I5 _bBC _cESP _d-68255 _eESP _h56577 _i29522 _si |
||
| 949 |
_a632.951 I5 _bBC _cESP _d-68257 _eESP _fc.2 _h56578 _i29522 _si |
||
| 999 |
_c24450 _d24450 |
||